Diccionario Histórico de Bolivia

Saved in:
書目詳細資料
主要作者: Barnadas, Josep M (Author)
格式: 圖書
語言:西班牙语
出版: Sucre Grupo de Estudios Históricos 2002
主題:
標簽: 添加標簽
沒有標簽, 成為第一個標記此記錄!

MARC

LEADER 00000nam a2200000 a 4500
001 UCH3409
003 CL-VaPUC
008 090723e20020000BO |||||||||||||||||spa|d
020 |a 8483702770 
082 0 4 |a 984.003  |b BAR  |2 21 
100 0 |a Barnadas, Josep M  |e author  |9 538748 
245 1 0 |a Diccionario Histórico de Bolivia 
300 |a 2 v 
942 |c BK 
945 |d 20090723 00:00:00  |a dcastane 
260 |a Sucre  |b Grupo de Estudios Históricos  |c 2002 
500 |a v.1: A-K 
500 |a v.2: L-Z 
650 7 |a HISTORIA DE BOLIVIA  |2 CL-VaPUC  |9 538749 
650 0 |a Diccionarios  |9 256200 
650 0 |a Glosarios  |9 261047 
651 0 |a Bolivia  |9 255454 
583 |a last modification  |c 20090723 00:00:00  |k Rodrigo Vera 
999 |c 334978  |d 334976 
952 |0 0  |1 0  |4 0  |6 984_003000000000000_BAR_2002  |7 0  |8 X  |9 424424  |a FDOBUD  |b FDOBUD  |d 2019-11-22  |h v.1  |i 4578511  |o 984.003 BAR 2002  |p 4578511  |r 2019-11-22  |w 2019-11-22  |y BK_X  |k BUD 
952 |0 0  |1 0  |4 0  |6 984_003000000000000_BAR_2002  |7 0  |8 X  |9 424425  |a FDOBUD  |b FDOBUD  |d 2019-11-22  |h v.2  |i 457852K  |o 984.003 BAR 2002  |p 457852K  |r 2019-11-22  |w 2019-11-22  |y BK_X  |k BUD